Zahraničnopolitický rozmer inštrumentalizácie tureckej diaspóry v západnej Európe

Rozmery transformácie Turecka od nástupu politickej strany AKP k moci a zmena prístupu k otázke tureckej diaspóry. Intenzifikované generovanie politík s účelom podpory členov diaspóry a najmä posilňovanie ich lojality k vládnucej strane, využívajúc potenciál diaspóry pre presadzovanie vlastných záuj...

Full description

Saved in:
Bibliographic Details
Main Author: Tomečková, Lenka, 1993-
Format: Book Chapter
Language:Slovak
Subjects:
Tags: Add Tag
No Tags, Be the first to tag this record!

MARC

LEADER 00000naa a2200000 4500
001 0273186
005 20240502074315.7
041 0 |a slo 
044 |a SK 
245 1 0 |a Zahraničnopolitický rozmer inštrumentalizácie tureckej diaspóry v západnej Európe  |c Lenka Tomečková 
520 |a Rozmery transformácie Turecka od nástupu politickej strany AKP k moci a zmena prístupu k otázke tureckej diaspóry. Intenzifikované generovanie politík s účelom podpory členov diaspóry a najmä posilňovanie ich lojality k vládnucej strane, využívajúc potenciál diaspóry pre presadzovanie vlastných záujmov doma i v zahraničí. Pozorovanie cezhraničného prelivu tureckých interných záležitostí, stupňujúcej sa asertivity a požadovačnosti až neakceptovateľnosti postupov zo strany Turecka vo vzťahu k hostiteľským štátom v západnej Európe. Inštrumentalizácia tureckej diaspóry zo strany AKP na úkor perspektívneho rozvoja vzťahov s Európskou úniou a diaspóry, vyúsťujúc do možného oslabovania kedysi významného európskeho vektora. 
610 2 0 |a Turecko 
610 2 0 |a vývoj politický 
610 2 0 |a situácia politická 
610 2 0 |a strany politické 
610 2 0 |a strany vládne 
610 2 0 |a migrácia 
610 2 0 |a vzťahy zahraničné 
610 2 0 |a vzťahy politické medzinárodné 
100 1 |a Tomečková, Lenka, 1993-